<?xml version="1.0" encoding="UTF-8"?>
<record
    xmlns:xsi="http://www.w3.org/2001/XMLSchema-instance"
    xsi:schemaLocation="http://www.loc.gov/MARC21/slim http://www.loc.gov/standards/marcxml/schema/MARC21slim.xsd"
    xmlns="http://www.loc.gov/MARC21/slim">

  <leader>00917nam a2200229Ia 4500</leader>
  <controlfield tag="005">20220317001241.0</controlfield>
  <controlfield tag="008">160825s2000    ck a   g      000 0 spa  </controlfield>
  <datafield tag="082" ind1="0" ind2="4">
    <subfield code="a">R 708.074</subfield>
    <subfield code="b">B31pa</subfield>
  </datafield>
  <datafield tag="110" ind1="2" ind2=" ">
    <subfield code="a">Biblioteca Luis &#xC1;ngel Arango. Bogot&#xE1;</subfield>
    <subfield code="9">68247</subfield>
  </datafield>
  <datafield tag="245" ind1="1" ind2="3">
    <subfield code="a">El paisaje interpretado</subfield>
    <subfield code="b">un veh&#xED;culo para recuperar el futuro</subfield>
    <subfield code="c">Biblioteca Luis &#xC1;ngel Arango</subfield>
  </datafield>
  <datafield tag="250" ind1=" " ind2=" ">
    <subfield code="a">1a. edici&#xF3;n </subfield>
  </datafield>
  <datafield tag="300" ind1=" " ind2=" ">
    <subfield code="a">32 p&#xE1;ginas </subfield>
    <subfield code="b">ilustraciones </subfield>
    <subfield code="c">24 cm </subfield>
  </datafield>
  <datafield tag="500" ind1=" " ind2=" ">
    <subfield code="a">Nota en la portada: Exposici&#xF3;n itinerante. Obras de la Colecci&#xF3;n Permanente La mirada transversal</subfield>
  </datafield>
  <datafield tag="610" ind1=" " ind2=" ">
    <subfield code="a">Biblioteca Luis &#xC1;ngel Arango </subfield>
    <subfield code="v">Exposiciones </subfield>
    <subfield code="9">67860</subfield>
  </datafield>
  <datafield tag="650" ind1="1" ind2="4">
    <subfield code="2">LEMB</subfield>
    <subfield code="a">Arte colombino </subfield>
    <subfield code="v">Exposiciones </subfield>
  </datafield>
  <datafield tag="942" ind1=" " ind2=" ">
    <subfield code="2">ddc</subfield>
    <subfield code="c">REF</subfield>
  </datafield>
  <datafield tag="264" ind1=" " ind2=" ">
    <subfield code="a">Bogot&#xE1;</subfield>
    <subfield code="b">Biblioteca Luis &#xC1;ngel Arango</subfield>
    <subfield code="c">2000</subfield>
  </datafield>
  <datafield tag="336" ind1=" " ind2=" ">
    <subfield code="a">texto</subfield>
    <subfield code="b">txt</subfield>
    <subfield code="2">rdacontent</subfield>
  </datafield>
  <datafield tag="337" ind1=" " ind2=" ">
    <subfield code="a">sin mediaci&#xF3;n</subfield>
    <subfield code="b">n</subfield>
    <subfield code="2">rdamedia</subfield>
  </datafield>
  <datafield tag="338" ind1=" " ind2=" ">
    <subfield code="a">volumen</subfield>
    <subfield code="b">nc</subfield>
    <subfield code="2">rdacarrier</subfield>
  </datafield>
  <datafield tag="040" ind1=" " ind2=" ">
    <subfield code="a">CO-BoRNBP</subfield>
    <subfield code="b">spa</subfield>
    <subfield code="e">rda</subfield>
    <subfield code="c">CO-BoRNBP</subfield>
  </datafield>
  <datafield tag="999" ind1=" " ind2=" ">
    <subfield code="c">6386</subfield>
    <subfield code="d">6386</subfield>
  </datafield>
  <datafield tag="952" ind1=" " ind2=" ">
    <subfield code="0">0</subfield>
    <subfield code="1">0</subfield>
    <subfield code="2">ddc</subfield>
    <subfield code="4">0</subfield>
    <subfield code="7">0</subfield>
    <subfield code="8">GEN</subfield>
    <subfield code="a">MEDORADO</subfield>
    <subfield code="b">MEDORADO</subfield>
    <subfield code="c">REF</subfield>
    <subfield code="d">2023-02-17</subfield>
    <subfield code="l">0</subfield>
    <subfield code="o">R 708.074 B31pa</subfield>
    <subfield code="p">DOR01255</subfield>
    <subfield code="r">2023-02-17 00:00:00</subfield>
    <subfield code="t">Ej.1</subfield>
    <subfield code="w">2023-02-17</subfield>
    <subfield code="y">REF</subfield>
  </datafield>
  <datafield tag="952" ind1=" " ind2=" ">
    <subfield code="0">0</subfield>
    <subfield code="1">0</subfield>
    <subfield code="2">ddc</subfield>
    <subfield code="4">0</subfield>
    <subfield code="7">0</subfield>
    <subfield code="8">006</subfield>
    <subfield code="a">MESMARTI</subfield>
    <subfield code="b">MESMARTI</subfield>
    <subfield code="c">REF</subfield>
    <subfield code="d">2023-07-25</subfield>
    <subfield code="l">0</subfield>
    <subfield code="o">R 708.074 B31pa</subfield>
    <subfield code="p">SM002190</subfield>
    <subfield code="r">2023-07-25 21:01:29</subfield>
    <subfield code="t">Ej.1</subfield>
    <subfield code="w">2023-07-25</subfield>
    <subfield code="y">BK</subfield>
  </datafield>
</record>
